F1 - Tous les pilotes vainqueurs avec Renault-Alpine - Statistiques

Statistiques générales
  • Ce quiz a été pris 85 fois
  • Le résultat moyen est 5 sur 7
Statistiques - réponses
Années chez Renault Nationalités Victoires Pilotes % Correct
2003-2006 ; 2008-2009 Espagne 17 Fernando Alonso
99%
2020-2024 France 1 Esteban Ocon
97%
1981-1983 France 9 Alain Prost
96%
2002-2004 Italie 1 Jarno Trulli
62%
2005-2007 Italie 2 Giancarlo Fisichella
59%
1979-1982 France 4 René Arnoux
58%
1977-1980 France 2 Jean-Pierre Jabouille
51%
Aucun quiz correspondant
Distribution des résultats
% des personnes avec chaque résultat
Percentile par nombre de réponses
Votre historique - résultats
Vous n’avez pas pris ce quiz